000 00448nam a2200157 i 4500
001 75364
003 ES-MaACL
005 20230906172426.0
007 t|
008 040923s1965 sp ||||1| spa d
100 1 _aGranados, Anastasio.
_959556
245 1 3 _aEl misterio de la Iglesia en el Concilio Vaticano II /
_cAnastasio Granados.
260 _aMadrid :
_bRialp,
_c1965.
300 _a512 p. ;
_c17 cm.
852 _aES-MaACL
_jC-28923
_bR.57783
999 _c75364
_d75364